Entry Nombre personal
001 - NÚMERO DE CONTROL
- campo de control: 86833
003 - IDENTIFICADOR DE NÚMERO DE CONTROL
- campo de control: SpMaBN
005 - FECHA Y HORA DE LA ÚLTIMA TRANSACCIÓN
- campo de control: 20230713203010.0
008 - ELEMENTOS DE DATO DE LONGITUD-FIJA
- campo de control de longitud fija: 980603n| aijnnaabn |a aaa
016 ## - NÚMERO DE CONTROL DE UNA AGENCIA BIBLIOGRÁFICA NACIONAL
- Número de control del registro: BNE19981856505
024 7# - IDENTIFICADOR DE OTROS ESTÁNDARES
- Número estándar o código: http://viaf.org/viaf/86992856/
- Fuente: viaf
040 ## - FUENTE DE CATALOGACIÓN
- Centro catalogador/agencia de origen: SpMaBN
- Lengua de catalogación: spa
- Centro/agencia transcriptor: SpMaBN
- Normas de descripción: rdc
- Convención/Normas de encabezamiento de materia/tesauro: embne
100 1# - ENCABEZAMIENTO-NOMBRE DE PERSONA
- Nombre de persona: Oliver Cobeña, F.
373 ## - GRUPO ASOCIADO
- Grupo asociado: Ateneo de Madrid
- Fuente de información: Listado de socios anteriores a 1 de abril de 1939 (Archivo del Ateneo); Ateneo de Madrid: memoria 1962-1967
400 1# - TRAZADO DE VÉASE--NOMBRE DE PERSONA
- Nombre de persona: Oliver Cobeña, Federico
670 ## - FUENTE DE DATOS ENCONTRADOS
- Cita de la fuente: La tierra número 2, 1933
- Información encontrada: port. (F. Oliver Cobeña) p. IX (médico y novelista)
670 ## - FUENTE DE DATOS ENCONTRADOS
- Cita de la fuente: Cat. manual de la B.N.
- Información encontrada: (Oliver Cobeña, Federico)
670 ## - FUENTE DE DATOS ENCONTRADOS
- Cita de la fuente: WWW BN España aut., 13/07/2023
- Información encontrada: (Oliver Cobeña, Federico)
678 ## - DATOS BIOGRÁFICOS O HISTÓRICOS
- Datos biográficos o históricos: Socio del Ateneo de Madrid n. 14695
- Ampliación de la nota: Fuentes: Listado de socios anteriores a 1 de abril de 1939 (Archivo del Ateneo); Ateneo de Madrid: memoria 1962-1967
